000 00288nam a2200109Ia 4500
001 1272247
005 20260417151425.0
008 260417s9999 xx 000 0 und d
020 _a9786258486902
245 0 _aHeysem ve Baş Aşağı Oturan Kral
_cDidem Demirel
260 _bKetebe Çocuk
999 _c1272247
_d1272247